[Event "Crawley e2e4 Gatwick op U1650"]
[Site "Crawley"]
[Date "2016.05.29"]
[Round "5"]
[White "Counsell, Robert W"]
[Black "Sartain, Patrick"]
[Result "0-1"]
[WhiteElo "1521"]
[BlackElo "1630"]
[PlyCount "46"]
[EventDate "2016.05.27"]
[EventType "swiss"]
[EventRounds "7"]
[EventCountry "ENG"]
[SourceTitle "EXT 2019"]
[Source "ChessBase"]
[SourceDate "2018.10.10"]
[SourceVersion "1"]
[SourceVersionDate "2018.10.10"]
[SourceQuality "1"]

1. c4 Nf6 2. g3 d6 3. Bg2 c6 4. Nc3 g6 5. Nf3 Bg7 6. d3 0-0 7. 0-0 Bg4 8. Bd2 Qd7 9. Qb3 Na6 10. Qc2 Bh3 11. Rab1 Bxg2 12. Kxg2 Nc5 13. d4 Ne6 14. e4 h5 15. Rbd1 Nh7 16. Be3 b6 17. Qd2 f5 18. d5 Nc5 19. Nd4 fxe4 20. Qc2 Bxd4 21. Bxd4 Ng5 22. Bxc5 Qh3+ 23. Kh1 Nf3 0-1